Món ăn bài thuốc chữa bệnh tim mạch

Trong cuôc sống hằng ngày, ăn uống khoa học làm cho con người đồng thời hưởng thụ thức ăn ngon, chất dinh dưỡng được hấp thu đầy đủ, làm cơ thể khỏe mạnh, từ đó đạt được mục đích "có bệnh trị bệnh, không bệnh phòng bệnh"...

Deskribapen osoa

Gorde:
Xehetasun bibliografikoak
Formatua: Liburua
Hizkuntza:Vietnamese
Argitaratua: Đồng Nai Đồng Nai 2010
Gaiak:
Etiketak: Etiketa erantsi
Etiketarik gabe, Izan zaitez lehena erregistro honi etiketa jartzen!
Thư viện lưu trữ: Thư viện Trường Đại học Nam Cần Thơ
LEADER 01263nam a22002057a 4500
001 NCT_34530
008 180503b xxu||||| |||| 00| 0 vie d
999 |c 1668  |d 1668 
020 |c 29000 
082 0 4 |2 23rd ed.  |a 616.1  |b Kh404 
245 1 0 |a Món ăn bài thuốc chữa bệnh tim mạch  |c Nguyễn Khắc Khoái (biên soạn) 
260 |a Đồng Nai  |b Đồng Nai  |c 2010 
300 |a 200tr.  |b minh họa  |c 21cm 
520 3 |a Trong cuôc sống hằng ngày, ăn uống khoa học làm cho con người đồng thời hưởng thụ thức ăn ngon, chất dinh dưỡng được hấp thu đầy đủ, làm cơ thể khỏe mạnh, từ đó đạt được mục đích "có bệnh trị bệnh, không bệnh phòng bệnh" 
653 |a Dược học 
653 |a Công nghệ Thực phẩm 
942 |2 ddc  |c BK 
952 |0 0  |1 0  |2 ddc  |4 0  |6 616_100000000000000_KH404  |7 0  |9 7902  |a 000001  |b 000001  |d 2018-05-03  |o 616.1 Kh404  |p MD.10896  |r 2018-05-03  |v 29000.00  |w 2018-05-03  |y BK 
952 |0 0  |1 0  |2 ddc  |4 0  |6 616_100000000000000_KH404  |7 0  |9 7903  |a 000001  |b 000001  |d 2018-05-03  |o 616.1 Kh404  |p MD.11450  |r 2018-05-03  |v 29000.00  |w 2018-05-03  |y BK 
980 |a Thư viện Trường Đại học Nam Cần Thơ